Bridging the Digital Divide: Empowering Women in Rural India through Emerging Technology/ (Record no. 52119)

MARC details
000 -LEADER
fixed length control field 00519nam a22001577a 4500
003 - CONTROL NUMBER IDENTIFIER
control field OSt
008 - FIXED-LENGTH DATA ELEMENTS--GENERAL INFORMATION
fixed length control field 260616b |||||||| |||| 00| 0 eng d
020 ## - INTERNATIONAL STANDARD BOOK NUMBER
International Standard Book Number 9789358877601
082 ## - DEWEY DECIMAL CLASSIFICATION NUMBER
Classification number 305.40285
Item number R16B
245 ## - TITLE STATEMENT
Title Bridging the Digital Divide: Empowering Women in Rural India through Emerging Technology/
Remainder of title edited by Vishnu D. Rajpur
260 ## - PUBLICATION, DISTRIBUTION, ETC. (IMPRINT)
Place of publication, distribution, etc New Delhi :
Name of publisher, distributor, etc New India Publishing Agency,
Date of publication, distribution, etc 2025.
300 ## - PHYSICAL DESCRIPTION
Extent 240 p.
440 ## - SERIES STATEMENT/ADDED ENTRY--TITLE
Series Title The professional's note series 06
700 ## - ADDED ENTRY--PERSONAL NAME
Personal name Rajput, Vishnu D.
942 ## - ADDED ENTRY ELEMENTS (KOHA)
Source of classification or shelving scheme
Koha item type Books
Holdings
Withdrawn status Lost status Source of classification or shelving scheme Damaged status Not for loan Home library Current library Shelving location Date acquired Source of acquisition Cost, normal purchase price Full call number Barcode Date last seen Bill Date Koha item type Bill Number
          Dr. Rajendra Prasad Central Agricultural University Pusa, Dr. Rajendra Prasad Central Agricultural University Pusa, General Stacks 16/06/2026 Faith Enterprises 2995.00 305.40285 R16B 88359 16/06/2026 22/01/2026 Books Invoice No. FE/11/2025-26
Hosted, Implemented, Customized & Maintained by: BestBookBuddies

Powered by Koha